000 00630nam a2200241Ia 4500
003 OSt
005 20220918211608.0
006 a|||||r|||| 00| 0
007 ta
008 220917b |||||||| |||| 00| 0 eng d
024 _a124,950
037 _cTextual
040 _aARTS
_cARTS
_beng
041 _2eng
_aeng
082 _aW,8, L0-;1
100 _aRiggs F W
_999364
245 0 _aFrontiers of developmant administration
260 _aDurham
_bDuke Univ Press
_c1970
300 _axxiv, 623p.
_ccm.
650 _aPOLITICAL SCIENCE
942 _hW,8, L0-;1
_cTEXL
_2CC
999 _c248135
_d248135